Poe's theory of unity : The god-man relationship in a spiritual context
Gorde:
| Egile nagusia: | |
|---|---|
| Formatua: | Liburua |
| Hizkuntza: | Undetermined |
| Argitaratua: |
San José, Costa Rica
Escuela de Lenguas Modernas, Universidad de Costa Rica
1980
|
| Gaiak: | |
| Etiketak: |
Etiketa erantsi
Etiketarik gabe, Izan zaitez lehena erregistro honi etiketa jartzen!
|
MARC
| LEADER | 00000nam a2200000Ia 4500 | ||
|---|---|---|---|
| 008 | 170316s9999 xx 000 0 und d | ||
| 040 | |a cru BVZT | ||
| 090 | |a Tesis 326 | ||
| 100 | |a Delgado Chinchilla, María del Carmen | ||
| 245 | |a Poe's theory of unity : The god-man relationship in a spiritual context | ||
| 260 | |a San José, Costa Rica | ||
| 260 | |b Escuela de Lenguas Modernas, Universidad de Costa Rica | ||
| 260 | |c 1980 | ||
| 300 | |a 111 páginas | ||
| 650 | |a LICENCIATURA EN LITERATURA INGLESA | ||
| 650 | |a TRABAJO FINAL DE GRADUACIÓN | ||
| 999 | |c 13951 |d 13951 | ||
| 942 | |c TFG |h Tesis 326 |2 z | ||
